| 000 | 01310nac a22003491u 4500 | ||
|---|---|---|---|
| 010 | _a 86645486 | ||
| 022 | 0 | _a0891-2076 | |
| 035 | _a(OCoLC)ocm09543694 | ||
| 082 | 1 | 0 |
_a616 _bSt59 |
| 090 |
_c3600 _d3600 |
||
| 100 | _aStites, D.P. | ||
| 245 | 0 | 0 |
_aBasic & clinical immunology / _cD.P.Stites...[et.al] |
| 246 | 1 | _aBasic and clinical immunology | |
| 260 |
_aLos Altos, Calif. : _bLange Medical Publications, _cc1976- |
||
| 300 |
_av. : _bill. ; _c26 cm. |
||
| 490 | 1 | _a1976-1984: A Concise medical library for practitioner and student | |
| 500 | _a"A LANGE medical book," 1987- | ||
| 500 | _aEditors: 1st-4th ed., H. Hugh Fudenberg and Daniel P. Stites. | ||
| 500 | _aDonations. | ||
| 500 | _aDonations - Bibliotheca Alexandrina. | ||
| 650 | 0 | _aImmunologic diseases. | |
| 650 | 0 | _aImmunology. | |
| 650 | 0 |
_aAllergy and Immunology _xperiodicals. |
|
| 650 | 0 |
_aCells _ximmunology _xperiodicals. |
|
| 650 | 0 |
_aImmunity _xperiodicals. |
|
| 650 | 0 |
_aImmunologic Diseases _xperiodicals. |
|
| 700 | 1 |
_aFudenberg, H. Hugh, _d1928- |
|
| 700 | 1 |
_aStites, Daniel P., _d1938- |
|
| 830 | 0 | _aConcise medical library for practitioner and student. | |
| 942 |
_cBB _k616St59 |
||
| 999 |
_c3600 _d3600 |
||